000 00411nam a2200145Ia 4500
008 151015s9999 xx 000 0 und d
020 _a027370642-x
050 _aHB615.W535 1998
245 _aWickham Philip A
250 _a_Strategic Entrepreneurship (4th ed.)
300 _aEngland Prentice Hall 1998
500 _aincludes index
650 _a_Entrepreneurship
700 _a^d20110216 09:53:16^okorir
999 _c1333
_d1333